Boys, girls, and other hazardous materials / ... Read More
Record details
- ISBN: 9780399247965 (hardcover)
- ISBN: 0399247963 (hardcover)
- Physical Description: 282 p. ; 22 cm.
- Publisher: New York, NY, U.S.A. : G.P. Putnam's Sons, c2010.
Content descriptions
| Summary, etc.: | Transferring to a new high school, freshman ... Read More |
Search for related items by subject
| Subject: | High schools > Fiction. Schools > Fiction. Conduct of life > Fiction. High schools > Juvenile fiction. Schools > Juvenile fiction. Teenagers > Conduct of life > Juvenile fiction. |
| LDR | 01554cam a22003858a 4500 | ||
|---|---|---|---|
| 001 | 113059 | ||
| 003 | LARL_NWRL_CONSORTIUM | ||
| 005 | 20100122155203.0 | ||
| 008 | 090604s2010 nyu d 000 1 eng | ||
| 010 | . | ‡a2009018446 | |
| 020 | . | ‡a9780399247965 (hardcover) | |
| 020 | . | ‡a0399247963 (hardcover) | |
| 035 | . | ‡a(OCoLC)401713305 | |
| 040 | . | ‡aDLC ‡cDLC ‡dON8 | |
| 042 | . | ‡alcac | |
| 082 | 1 | 4. | ‡a[Fic] ‡222 |
| 100 | 1 | . | ‡aWiseman, Rosalind, ‡d1969- ‡0(LARL_NWRL_CONSORTIUM)114401 |
| 245 | 1 | 0. | ‡aBoys, girls, and other hazardous materials / ‡cRosalind Wiseman. |
| 246 | 1 | 8. | ‡aBoys, girls & other hazardous materials |
| 260 | . | ‡aNew York, NY, U.S.A. : ‡bG.P. Putnam's Sons, ‡cc2010. | |
| 300 | . | ‡a282 p. ; ‡c22 cm. | |
| 520 | . | ‡aTransferring to a new high school, freshman Charlotte "Charlie" Healey faces tough choices as she tries to shed her "mean girl" image. | |
| 650 | 1. | ‡aHigh schools ‡vFiction. ‡0(LARL_NWRL_CONSORTIUM)169592 | |
| 650 | 1. | ‡aSchools ‡vFiction. ‡0(LARL_NWRL_CONSORTIUM)167222 | |
| 650 | 1. | ‡aConduct of life ‡vFiction. ‡0(LARL_NWRL_CONSORTIUM)164296 | |
| 650 | 0. | ‡aHigh schools ‡vJuvenile fiction. ‡0(LARL_NWRL_CONSORTIUM)165600 | |
| 650 | 0. | ‡aSchools ‡vJuvenile fiction. ‡0(LARL_NWRL_CONSORTIUM)167227 | |
| 650 | 0. | ‡aTeenagers ‡xConduct of life ‡vJuvenile fiction. | |
| 901 | . | ‡a113059 ‡bOCLC ‡c113059 ‡tbiblio | |

Add to basket
Permalink
Disable Highlighting